| 000 | 01103nam a2200241 a 4500 | ||
|---|---|---|---|
| 005 | 20231117063556.0 | ||
| 008 | 051124s2000 mx r 000 0 spa d | ||
| 035 | _aUPN01000141259 | ||
| 049 | _aC | ||
| 050 | 4 |
_aKGF2048 _bM4.4 |
|
| 110 | 1 |
_aMéxico (D.F.). _t[Ley de los Derechos de las Niñas y Niños en el Distrito Federal] |
|
| 245 | 1 | 0 | _aLey de los derechos de las niñas y niños en el Distrito Federal. |
| 260 |
_aMéxico : _bAsamblea Legislativa del Distrito Federal, I Legislatura, _c2000. |
||
| 300 | _a76 p. | ||
| 440 | 0 | _aOrdenamientos jurídicos | |
| 501 | _aCon: Ley de los derechos de las personas adultas mayores en el Distrito Federal -- Ley del instituto de Cultura de la Ciudad de México | ||
| 650 | 0 |
_aNiños _xSituación legal, leyes, etc. _zMéxico _95234 |
|
| 650 | 4 |
_aANCIANOS - _xSITUACION LEGAL, LEYES, ETC. - _zMEXICO _920657 |
|
| 610 | 2 | 4 |
_aInstituto de Cultura de la Ciudad de México _920658 |
| 740 | 0 | _aLey de los derechos de las personas adultas mayores en el Distrito Federal | |
| 740 | 0 | _aLey del Instituto de Cultura de la Ciudad de México | |
| 905 | _aLibro | ||
| 999 |
_c113406 _d113406 |
||